[Event "Urals-ch"]
[Site "Khanty-Mansiysk"]
[Date "2021.03.11"]
[Round "1"]
[White "Erokhin, Artem"]
[Black "Pingin, Artem"]
[Result "0-1"]
[WhiteElo "1807"]
[BlackElo "2378"]
[PlyCount "106"]
[EventDate "2021.03.11"]
[EventType "swiss"]
[EventRounds "9"]
[EventCountry "RUS"]
[SourceTitle "CBM 201 Extra"]
[Source "ChessBase"]
[SourceDate "2021.05.31"]
[SourceVersion "1"]
[SourceVersionDate "2021.05.31"]
[SourceQuality "1"]

1. e4 c5 2. c3 Nf6 3. e5 Nd5 4. d4 cxd4 5. Nf3 Nc6 6. cxd4 d6 7. Bc4 e6 8. 0-0 Be7 9. Re1 0-0 10. Nc3 dxe5 11. dxe5 Nxc3 12. bxc3 Qxd1 13. Rxd1 Na5 14. Bd3 Rd8 15. Bg5 f6 16. Bf4 f5 17. Rac1 Bd7 18. Nd4 Kf7 19. Nb5 Bc6 20. Nd6+ Kf8 21. c4 b6 22. c5 Rab8 23. Bd2 Ba4 24. Bc2 Bxc2 25. Rxc2 Nc6 26. cxb6 Rxb6 27. Be3 Ra6 28. f4 Nb4 29. Rcd2 g6 30. g3 Nd5 31. Bc5 Ra5 32. Rc1 Rb8 33. Rdc2 Kg7 34. a3 g5 35. Bb4 Ra4 36. Rc8 Rxc8 37. Rxc8 gxf4 38. gxf4 a5 39. Ne8+ Kf7 40. Nd6+ Kg6 41. Ra8 Nxb4 42. axb4 Rxb4 43. Rxa5 Rxf4 44. Ra8 Bxd6 45. exd6 Rd4 46. Rd8 Kf6 47. d7 Ke7 48. Rh8 Rxd7 49. Rxh7+ Kd6 50. Rh8 Ke5 51. Kf2 Ke4 52. Ra8 Rd2+ 53. Kg3 f4+ 0-1

[Event "Eurasia Cup op"]
[Site "Ekaterinburg"]
[Date "2019.08.05"]
[Round "5"]
[White "Kharitonov, Egor1111"]
[Black "Erokhin, Artem"]
[Result "1/2-1/2"]
[WhiteElo "2004"]
[BlackElo "1801"]
[PlyCount "71"]
[EventDate "2019.07.31"]
[EventType "swiss"]
[EventRounds "9"]
[EventCountry "RUS"]
[SourceTitle "CBM 191 Extra"]
[Source "ChessBase"]
[SourceDate "2019.09.30"]
[SourceVersion "1"]
[SourceVersionDate "2019.09.30"]
[SourceQuality "1"]

1. d4 d5 2. c4 c6 3. Nf3 Nf6 4. g3 dxc4 5. Bg2 b5 6. Ne5 Bb7 7. 0-0 e6 8. b3 cxb3 9. axb3 Be7 10. Nc3 a6 11. Bb2 Qc7 12. Qc2 0-0 13. Ne4 Rc8 14. Nc5 Nfd7 15. Ned3 Nxc5 16. Nxc5 Nd7 17. Be4 h6 18. Nxb7 Qxb7 19. Rac1 Qb6 20. Bxc6 Ra7 21. Qe4 Nf6 22. Qf3 Rac7 23. d5 exd5 24. Bxd5 Rxc1 25. Bxc1 Nxd5 26. Qxd5 Qc6 27. Qf5 Qc2 28. Qd7 Qc7 29. Qg4 g5 30. h4 f6 31. Be3 Rd8 32. Qh5 Kg7 33. Rc1 Qd7 34. Qf3 Rc8 35. Rxc8 Qxc8 36. Qe4 1/2-1/2